Voices on voice: perspective, definitions, inquiry
Saved in:
| Hovedforfatter: | |
|---|---|
| Format: | Bog |
| Sprog: | engelsk |
| Udgivet: |
Urbana
National Council of Teachers of English
1994
|
| Fag: | |
| Tags: |
Tilføj Tag
Ingen Tags, Vær først til at tagge denne postø!
|
MARC
| LEADER | 00000nam a2200000 a 4500 | ||
|---|---|---|---|
| 001 | UCU2910 | ||
| 003 | CL-VaPUC | ||
| 008 | 960429e19940000US |||||||||||||||||eng|d | ||
| 082 | 0 | 4 | |a 808.042 |b YAN |2 21 |
| 100 | 0 | |a Yancey, Kathleen Blake |e author |9 519299 | |
| 245 | 1 | 0 | |a Voices on voice: perspective, definitions, inquiry |
| 300 | |a 363 p | ||
| 942 | |c BK | ||
| 945 | |d 19960429 00:00:00 |a rbrito | ||
| 260 | |a Urbana |b National Council of Teachers of English |c 1994 | ||
| 650 | 0 | |a Inglés |9 260023 | |
| 650 | 0 | |a Enseñanza del inglés |9 367340 | |
| 650 | 0 | |a Enseñanza de idiomas |9 339820 | |
| 650 | 0 | |a Retórica |9 266620 | |
| 583 | |a last modification |c 20170823 05:08:43 |k Rodrigo Vera | ||
| 999 | |c 324879 |d 324877 | ||
| 952 | |0 0 |1 0 |4 0 |6 808_042000000000000_YAN_1994 |7 0 |8 A |9 405258 |a BIBEDU |b BIBEDU |d 2019-11-22 |i 3196321 |o 808.042 YAN 1994 |p 3196321 |r 2019-11-22 |w 2019-11-22 |y BK |k LIT | ||